Paroles : Où je vais - Amel Bent - Statistiques

Statistiques générales
  • Ce quiz a été pris 126 fois
  • Le résultat moyen est 220 sur 306
Statistiques - réponses
Réponse % Correct
Je
98%
98%
Ce
95%
Vais
92%
Que
91%
À
90%
Ma
89%
Me
88%
Ne
88%
Pas
88%
Est
87%
Sais
87%
De
86%
Le
86%
Pour
85%
Moi
84%
Et
83%
Un
83%
Pourquoi
82%
J'étais
81%
Monde
81%
Tu
81%
Par
80%
Mais
78%
Plus
78%
Vie
78%
J'ai
77%
Rien
77%
Poème
75%
Fait
74%
M'emmènes
74%
Regrette
74%
Pareil
73%
Quel
73%
Se
73%
Non
70%
Qu'est-ce
69%
Te
69%
Cours
67%
Des
66%
La
66%
Qui
66%
Les
65%
Revois
65%
Adieu
63%
M'en
63%
Si
63%
Soit
61%
Dans
58%
C'est
55%
Crains
55%
Chanter
54%
Regarde
53%
Veux
53%
Temps
52%
Yeux
49%
Dessiner
48%
Loin
48%
Suis
48%
Allais
47%
Mes
47%
D'un
46%
Enfin
46%
Peu
46%
Main
45%
Vraiment
44%
D'espoir
43%
Errer
43%
Pleurer
43%
L'ombre
42%
Prends
42%
Souris
42%
Geste
41%
Bien
40%
Est-ce
40%
Regardes
40%
Tapi
40%
Ton
40%
Sens
39%
Illusions
38%
Mélodies
38%
Lequel
37%
Oublier
37%
Amis
35%
Château
35%
Fragile
35%
Prison
35%
Chantais
34%
D'argile
34%
D'une
33%
M'innondaient
32%
Passion
32%
Murs
31%
Ainsi
30%
Car
30%
Derrière
30%
Dorée
30%
Écran
30%
Réchauffe
30%
Vivre
30%
Disparais
29%
M'apaises
28%
Soit-il
28%
Télévision
28%
Nargues
25%
Garder
23%
Sentir
23%
Sortie
22%
L'envie
20%
Sépare
18%
Purifiés
6%
Aucun quiz correspondant
Distribution des résultats
% des personnes avec chaque résultat
Percentile par nombre de réponses
Votre historique - résultats
Vous n’avez pas pris ce quiz